| 000 | 00648nam a2200193 4500 | ||
|---|---|---|---|
| 001 | 135759 | ||
| 003 | ES-MaACL | ||
| 005 | 20230906194941.0 | ||
| 007 | t| | ||
| 008 | 070214s1909 sp r ||||1| spa d | ||
| 080 | _a355.48(460:647)"1909" | ||
| 100 | 1 |
_aRuiz Albéniz, Víctor, _d1885-1954 _9100638 |
|
| 245 | 1 | 3 |
_aLa campaña del Rif _b: la verdad de la guerra / _cpor el doctor Ruiz Albéniz. |
| 260 |
_a[Madrid : _bs.n., _c1909] ( _ffEst. Tip. y Editorial) |
||
| 300 |
_a96 p. ; _c20 cm. |
||
| 650 | 4 |
_aGuerra de Melilla, 1909. _913193 |
|
| 852 |
_aES-MaACL _jT-1205-F-3 _z.- Dedicatoria manuscrita del autor |
||
| 999 |
_c135759 _d135759 |
||